| 000 | 00623nam a2200217 4500 | ||
|---|---|---|---|
| 008 | 240122b |||||||| |||| 00| 0 eng d | ||
| 082 |
_a363.8 _bINT |
||
| 110 | _aInternational forum on food and agriculture | ||
| 245 | _aWTO and the globalization of food security | ||
| 260 |
_aNew Delhi: _bResearch foundation for science, Technology and Ecology _c1999 |
||
| 300 | _a29 p. | ||
| 650 | _aFOOD INSECURITY | ||
| 700 | _aRitchie, Mark | ||
| 700 | _aLang, Tim | ||
| 700 | _aRosset, Peter | ||
| 700 | _aAltieri, Miguel | ||
| 700 | _aShrybman, Steven | ||
| 700 | _aKrebs, Al | ||
| 700 | _aShiva, Vandana | ||
| 942 | _cRP | ||
| 999 |
_c4669 _d4669 |
||